000 00876nam a2200217Ia 4500
001 15615
003 GE_BSU
008 181216s||||||||xx |||||||||||||| ||und||
040 _cGE_BSU
080 _a82-93:821.161.1-3
245 _aნინა სტეშნევას ახალი მისამართი
245 _bმოთხრობა
245 _cმთარგმნ.: ლ. იორდანიშვილი და ნ. მოსიაშვილი. რედ.ნ. კალანდარიშვილი. მხატვ. ზ. დავითაია
260 _aთბილისი
260 _bნაკადული
260 _c1964
300 _a150გვ. ; 20სმ.
653 _aმოთხრობა
653 _aნინა სტეშნევას ახალი მისამართი
942 _cBK
999 _c48715
_d48715